[Event "Kuwait City Wafra Gulf op 3rd"]
[Site "Kuwait City"]
[Date "2024.05.17"]
[Round "4"]
[White "Abohazeem, Abed"]
[Black "Khalid, Lodhi"]
[Result "1-0"]
[WhiteElo "1964"]
[BlackElo "1793"]
[PlyCount "94"]
[EventDate "2024.05.17"]
[EventType "swiss"]
[EventRounds "9"]
[EventCountry "KUW"]
[SourceTitle "CBM 220 Extra"]
[Source "ChessBase"]
[SourceDate "2024.07.31"]
[SourceVersion "1"]
[SourceVersionDate "2024.07.31"]
[SourceQuality "1"]

1. e4 e5 2. Nf3 Nc6 3. Bb5 f5 4. d4 fxe4 5. Nxe5 Nxe5 6. dxe5 Bb4+ 7. c3 Bc5 8. 0-0 c6 9. Bc4 Qe7 10. Bf4 b5 11. Bb3 Bb7 12. Nd2 e3 13. Bxe3 Bxe3 14. fxe3 Qxe5 15. Qf3 0-0-0 16. Qf4 Qe7 17. Ne4 d5 18. Ng5 Nf6 19. Rae1 h6 20. Nf3 Rhf8 21. Ne5 Nd7 22. Ng6 Qc5 23. Nxf8 Rxf8 24. Qd4 Qe7 25. Rxf8+ Qxf8 26. Qf4 Qe7 27. e4 Qc5+ 28. Qe3 dxe4 29. Qxc5 Nxc5 30. Bc2 g5 31. Bxe4 a5 32. Bf5+ Kc7 33. b4 axb4 34. cxb4 Na4 35. Re7+ Kb6 36. Rh7 Nc3 37. a3 Nd5 38. Rxh6 Ne3 39. Be4 Nc4 40. Rg6 Nxa3 41. Rxg5 Nc4 42. h4 Nd6 43. Bd3 Nf7 44. Rg7 Ne5 45. Be2 c5 46. bxc5+ Kc6 47. h5 Bc8 1-0

[Event "JOR-ch sf"]
[Site "Amman"]
[Date "2009.04.03"]
[Round "8"]
[White "Abohazeem, Abed"]
[Black "Nizar, Emad"]
[Result "1-0"]
[WhiteElo "1813"]
[BlackElo "2035"]
[PlyCount "73"]
[EventDate "2009.03.26"]
[EventType "swiss"]
[EventRounds "9"]
[EventCountry "JOR"]
[SourceTitle "EXT 2022"]
[Source "ChessBase"]
[SourceDate "2021.10.06"]
[SourceVersion "1"]
[SourceVersionDate "2021.10.06"]
[SourceQuality "1"]

1. d4 Nf6 2. Nf3 g6 3. g3 Bg7 4. Bg2 0-0 5. 0-0 d6 6. c4 Nbd7 7. Nc3 e5 8. e4 Re8 9. d5 Nc5 10. Nd2 a5 11. Nb3 Nfd7 12. Nxc5 Nxc5 13. Be3 b6 14. Qd2 a4 15. Rab1 f5 16. b4 axb3 17. axb3 fxe4 18. Nxe4 Bf5 19. f3 Ra3 20. b4 Nb3 21. Qc3 Qd7 22. Rxb3 Ra2 23. Rf2 Ra4 24. Ra3 Rea8 25. Rfa2 Bxe4 26. fxe4 Qg4 27. Rxa4 Rxa4 28. Rxa4 Qd1+ 29. Bf1 Qxa4 30. c5 bxc5 31. bxc5 Qxe4 32. cxd6 cxd6 33. Bg2 Qb1+ 34. Qc1 Qb8 35. Bh3 Kf7 36. Be6+ Kf8 37. Qf1+ 1-0

[Event "JOR-ch sf"]
[Site "Amman"]
[Date "2009.04.02"]
[Round "6"]
[White "Abohazeem, Abed"]
[Black "Alsane, Abdallah"]
[Result "1-0"]
[WhiteElo "1813"]
[BlackElo "2028"]
[PlyCount "75"]
[EventDate "2009.03.26"]
[EventType "swiss"]
[EventRounds "9"]
[EventCountry "JOR"]
[SourceTitle "EXT 2022"]
[Source "ChessBase"]
[SourceDate "2021.10.06"]
[SourceVersion "1"]
[SourceVersionDate "2021.10.06"]
[SourceQuality "1"]

1. d4 Nf6 2. c4 g6 3. Nf3 Bg7 4. g3 d6 5. Bg2 c5 6. 0-0 Nbd7 7. Nc3 0-0 8. e4 cxd4 9. Nxd4 Ne5 10. Qe2 a6 11. h3 Qc7 12. b3 Bd7 13. f4 Nh5 14. Qe3 Nc6 15. Nxc6 Bxc6 16. Bb2 Bh6 17. Nd5 Qd8 18. e5 dxe5 19. Bxe5 e6 20. Nc7 Bxg2 21. Kxg2 Rc8 22. Rad1 Qe7 23. Bd6 Qd7 24. Qb6 Rfd8 25. Qxb7 g5 26. Bb4 Rxc7 27. Rxd7 Rcxd7 28. Qf3 Ng7 29. fxg5 Bxg5 30. Ba5 Rc8 31. Rd1 Rxd1 32. Qxd1 Nf5 33. Qd7 Rc5 34. Bc3 Ne3+ 35. Kg1 e5 36. Qe8+ Kg7 37. Bxe5+ Kg6 38. Bd4 1-0